00847nam a2200193 a 4500003000200000005001700002008004100019050003100060100002900091245013100120260009000251300004000341504004100381650005100422650004700473650003900520650005100559650004300610020250626113327.0130817s19uu xx 00 eng d aPHS RS 431.H47b.D238 2013 aDauigoy, Julianne Rae G. aMethod of extraction of Curcuma longa roots and leaves on the growth of Staphylococcus epidermidis /cJulianne Rae G. Dauigoy. aLas Piñas City, Philippines :bSouthville International School and Colleges,c2013. a25 pages :billustrations ;c28 cm. aIncludes bibliographical references. aMedicinal plantsvExtraction and pharmacology. aHerbal medicinevAntibacterial properties. aCurcuma longavExtraction methods. aStaphylococcus epidermidisvGrowth inhibition. aPlant extractsvAntimicrobial effects.